BOOK KEEPING AND ACCOUNTS (Record no. 204)
[ view plain ]
| 000 -LEADER | |
|---|---|
| fixed length control field | 00366nam a2200157Ia 4500 |
| 003 - CONTROL NUMBER IDENTIFIER | |
| control field | OSt |
| 005 - DATE AND TIME OF LATEST TRANSACTION | |
| control field | 20240201114217.0 |
| 008 - FIXED-LENGTH DATA ELEMENTS--GENERAL INFORMATION | |
| fixed length control field | 170523s9999 xx 000 0 und d |
| 020 ## - INTERNATIONAL STANDARD BOOK NUMBER | |
| International Standard Book Number | 8121907829. |
| 040 ## - CATALOGING SOURCE | |
| Transcribing agency | iimt university meerut |
| 100 ## - MAIN ENTRY--PERSONAL NAME | |
| Personal name | VAISH- ARORA |
| 245 #0 - TITLE STATEMENT | |
| Title | BOOK KEEPING AND ACCOUNTS |
| 260 ## - PUBLICATION, DISTRIBUTION, ETC. | |
| Name of publisher, distributor, etc. | SULTAN CHAND SONS |
| 260 ## - PUBLICATION, DISTRIBUTION, ETC. | |
| Date of publication, distribution, etc. | 1995 |
| 942 ## - ADDED ENTRY ELEMENTS (KOHA) | |
| Source of classification or shelving scheme | |
| Koha item type | Book Bank |
| Withdrawn status | Lost status | Source of classification or shelving scheme | Damaged status | Not for loan | Home library | Current library | Date acquired | Barcode | Date last seen | Uniform Resource Identifier | Price effective from | Koha item type |
|---|---|---|---|---|---|---|---|---|---|---|---|---|
| IIMT University Central Library Meerut | IIMT University Central Library Meerut | 05/30/2017 | 01-B-646 | 05/30/2017 | MANAGEMENT | 05/30/2017 | Book Bank | |||||
| IIMT University Central Library Meerut | IIMT University Central Library Meerut | 05/30/2017 | 01-B-647 | 05/30/2017 | ACCOUNTING | 05/30/2017 | Book Bank | |||||
| IIMT University Central Library Meerut | IIMT University Central Library Meerut | 05/30/2017 | 01-B-648 | 05/30/2017 | ACCOUNTING | 05/30/2017 | Book Bank | |||||
| IIMT University Central Library Meerut | IIMT University Central Library Meerut | 05/30/2017 | 01-B-649 | 05/30/2017 | ACCOUNTING | 05/30/2017 | Book Bank | |||||
| IIMT University Central Library Meerut | IIMT University Central Library Meerut | 05/30/2017 | 01-B-651 | 05/30/2017 | MANAGEMENT | 05/30/2017 | Book Bank | |||||
| IIMT University Central Library Meerut | IIMT University Central Library Meerut | 05/30/2017 | 01-B-652 | 05/30/2017 | ACCOUNTING | 05/30/2017 | Book Bank | |||||
| IIMT University Central Library Meerut | IIMT University Central Library Meerut | 05/30/2017 | 01-B-653 | 05/30/2017 | ACCOUNTING | 05/30/2017 | Book Bank | |||||
| IIMT University Central Library Meerut | IIMT University Central Library Meerut | 05/30/2017 | 01-B-654 | 05/30/2017 | ACCOUNTING | 05/30/2017 | Book Bank | |||||
| IIMT University Central Library Meerut | IIMT University Central Library Meerut | 05/30/2017 | 01-B-655 | 05/30/2017 | ACCOUNTING | 05/30/2017 | Book Bank | |||||
| IIMT University Central Library Meerut | IIMT University Central Library Meerut | 05/30/2017 | 01-B-656 | 05/30/2017 | ACCOUNTING | 05/30/2017 | Book Bank |

